| 000 | 00993nam a22002537a 4500 | ||
|---|---|---|---|
| 999 |
_c14047 _d14047 |
||
| 003 | AR-CdUCM | ||
| 008 | 190417b ||||| |||| 00| 0 spa d | ||
| 040 |
_aMUNICIPALIDAD PROVINCIAL DEL CUSCO _cBIBLIOTECA MUNICIPAL DEL CUSCO |
||
| 082 |
_aES / 800 / _bC81 |
||
| 100 |
_aConde Obregon, Ramon _932708 |
||
| 245 |
_aAntología de la poesía Española : _bDe los primitivos al romanticismo / |
||
| 260 |
_aBarcelona : _bI.D.A.G., _c1963. |
||
| 300 |
_aVolúmenes ; _bIlustraciones, _c21 cm. |
||
| 440 |
_aColección Auriga, serie Perla _932709 |
||
| 505 | _aContenido: v.1: La Poesía Primitiva -- Renacimiento -- El barroco -- Neoclasicismo -- El romanticismo. v.2: El realismo -- El modernismo -- Tendencia contemporáneas. | ||
| 650 |
_aRenacimiento _95449 |
||
| 650 |
_aEl barroco _932710 |
||
| 650 |
_aNeoclasicismo _932711 |
||
| 650 |
_aEl romanticismo _932712 |
||
| 650 |
_a El realismo _932713 |
||
| 650 |
_aEl modernismo _932714 |
||
| 942 |
_2ddc _cLIBROS |
||
| 945 |
_acmm _d2019-04-17 |
||